Veterinary Lederle bulletin.

Bibliographic Details
New Title:Veterinary bulletin Lederle
Corporate Author: Lederle Laboratories
Format: Journal
Language:English
Published: [New York, N.Y.] : [Lederle Laboratories], [1932]-
Subjects:

MARC

Tag First Indicator Second Indicator Subfields
LEADER 00000cas a2200000 a 4500
001 in00004455191
005 20191202121052.0
008 841005d19321939nyubr p 0uuua0eng d
035 |a (OCoLC)11231872 
040 |a TMV  |c TMV  |d UtOrBLW 
049 |a [Shelved] [by Title] TMVM 
060 4 |a x 
245 0 0 |a Veterinary Lederle bulletin. 
246 1 7 |a Veterinary bulletin Lederle 
264 1 |a [New York, N.Y.] :  |b [Lederle Laboratories],  |c [1932]- 
264 4 |c ©1939 
300 |a 8 volumes :  |b illustrations ;  |c 25 cm. 
310 |a Five issues yearly  |b 1939 
321 |a Bimonthly  |b 1932-1938 
336 |a text  |2 rdacontent  |b txt 
337 |a unmediated  |2 rdamedia 
338 |a volume  |2 rdacarrier  |b nc 
362 0 |a Vol. 1, no. 1 (Apr.-May 1932)-v. 8, no. 5 (Nov.-Dec. 1939). 
500 |a Title from cover. 
515 |a Four issues complete v. 1 (1932). 
650 0 |a Veterinary medicine  |v Periodicals. 
650 2 |a Veterinary Medicine. 
655 2 |a Periodicals. 
710 2 |a Lederle Laboratories. 
785 0 0 |t Veterinary bulletin Lederle 
999 f f |s 05137934-e3fc-3b15-8b27-423c5817fa3b  |i 5afbce85-a99a-3787-9b99-ad8045e67bb4  |t 0 
952 f f |p ric  |a Texas A&M University  |b Rellis Campus  |c Joint Library Facility  |d Remote Storage  |t 0  |e Shelved by Title  |h Other scheme  |i unmediated -- volume  |k v.1/2  |l 1932/1933  |m 3238900732600 
952 f f |p ric  |a Texas A&M University  |b Rellis Campus  |c Joint Library Facility  |d Remote Storage  |t 0  |e Shelved by Title  |h Other scheme  |i unmediated -- volume  |k v.3/4  |l 1934/1935  |m 3238900732611 
952 f f |p ric  |a Texas A&M University  |b Rellis Campus  |c Joint Library Facility  |d Remote Storage  |t 0  |e Shelved by Title  |h Other scheme  |i unmediated -- volume  |k v.5/6  |l 1936/1937  |m 3238900732622 
952 f f |p ric  |a Texas A&M University  |b Rellis Campus  |c Joint Library Facility  |d Remote Storage  |t 0  |e Shelved by Title  |h Other scheme  |i unmediated -- volume  |k v.7/8  |l 1938/1939  |m 3238900732633 
998 f f |a Shelved by Title  |s v.1(1932)-v.8(1939)  |t 0  |l Remote Storage